Pokémon Sauvages - Kalos Mont - Statistiques

Statistiques générales
  • Ce quiz a été pris 29 fois
  • Le résultat moyen est 207 sur 247
Statistiques - réponses
Lieux Pokémon % Correct
4 Fermite et 1 Aflamanoir
100%
Aflamanoir
100%
Airmure
100%
Bargantua motif Bleu
100%
Bargantua motif Rouge
100%
Blizzi
100%
Brocélôme
100%
Route 17 Route Mammochon(embuscade au sol) Cadoizo
100%
Caratroc
100%
Cochignon
100%
Colimucus
100%
Desséliande
100%
Diamat
100%
Y Embrylex
100%
Farfuret
100%
Fermite
100%
X Galegon
100%
X Galekid
100%
(embuscade depuis plafond) | (éclate-roc) | Route Victoire Gravalanch
100%
Griknot
100%
Kraknoix
100%
Maraiste
100%
Grotte Inconnue Mewtwo
100%
(embuscade depuis poubelle) Miamiasme
100%
(embuscade depuis poubelle Mardi) Motisma
100%
Motisma Chaleur
100%
Motisma Froid
100%
Motisma Hélice
100%
Motisma Lavage
100%
Motisma Tonte
100%
Mucuscule
100%
Pitrouille taille Maxi
100%
Pitrouille taille Mini
100%
Pitrouille taille Normale
100%
Pitrouille taille Ultra
100%
(pêche) | Romant-sous-Bois(pêche) Ptitard
100%
(embuscade depuis ciel) Rapasdepic
100%
Route 20 Bois du Dédale | Village Pokémon Rondoudou
100%
Sonistrelle
100%
Spectrum
100%
Tarpaud
100%
Têtarte
100%
Route 13 Steppe d'Illumis(embuscade au sol) Triopikeur
100%
Trousselin
100%
Y Ymphect
100%
Abo
83%
(fleurs jaunes) | (hordes) | Route 14 Laie Romant-sous-Bois Boustiflor
83%
(hordes) Chétiflor
83%
Draco
83%
Route 19 Chemin du Val(fleurs violettes) Drascore
83%
Gaulet
83%
X Grahyèna
83%
Grelaçon
83%
Hexagel
83%
Route 21 Chemin Final Insécateur
83%
Limonde
83%
Miasmax
83%
(embuscade depuis plafond) Migalos
83%
Minidraco
83%
Polagriffe
83%
Polarhume
83%
(hordes) Racaillou
83%
Rapion
83%
Scalpion
83%
Tartard
83%
Trompignon
83%
Vortente
83%
Zoroark
83%
fond de la grotte Zygarde forme 50%
83%
Altaria
67%
Arbok
67%
Blizzaroi
67%
Carabing
67%
Drakkarmin
67%
Escargaume
67%
Funécire
67%
Y Léopardus
67%
Lippouti
67%
Lippoutou
67%
(sur l'eau) | Mozheim(sur l'eau) Lombre
67%
Hôtel Désolation Magnéton
67%
Métamorph
67%
(hordes) Sorbébé
67%
Trioxhydre
67%
Tylton
67%
Ursaring
67%
(embuscade depuis poubelle Jeudi) Branette
50%
Chartor
50%
Électrode
50%
Excelangue
50%
Limagma
50%
Mesmérella
50%
Mustéflott
50%
Noarfang
50%
Grotte Coda | Route 18 Chemin des Gorges Sablaireau
50%
4 Desséliande et 1 Simularbre
33%
Barbicha
33%
Barloche
33%
(hordes) Cornèbre
33%
Miradar
33%
Ouvrifier
33%
Scorplane
33%
Spinda
33%
Aucun quiz correspondant
Distribution des résultats
% des personnes avec chaque résultat
Percentile par nombre de réponses
Votre historique - résultats
Vous n’avez pas pris ce quiz